000 00365nam a2200133Ia 4500
005 20260326235500.0
008 260326s9999||||xx |||||||||||||| ||und||
100 _aHenselmann, Irene
245 0 _aCasas típicas :
_b Sobre Casas Antiguas y Modernas /
_cIrene Henselmann
260 _bJunge Welt
300 _a47 p.
650 _aARQUITECTURA RESIDENCIAL
942 _cBK
999 _c8060
_d8060